Vista normal
Vista MARC
Entrada Topical Term
Número de registros utilizados en: 1
001 - CONTROL NUMBER
- control field: 2013
003 - CONTROL NUMBER IDENTIFIER
- control field: OSt
005 - DATE AND TIME OF LATEST TRANSACTION
- control field: 20200327101300.0
008 - FIXED-LENGTH DATA ELEMENTS
- fixed length control field: 200327|| aca||aabn | a|a d
040 ## - CATALOGING SOURCE
- Original cataloging agency: OSt
- Transcribing agency: OSt
150 ## - HEADING--TOPICAL TERM
- Topical term or geographic name entry element: Análisis documental
670 ## - SOURCE DATA FOUND
- Source citation: Work cat.: (OSt)3446: Galarza Pinzón, Mauricio Andrés, autor 2009, Clasificación documental : , 2015